01142nam a22002777a 4500999001700000003000900017008004100026020001500067040007100082082002400153110003200177245004000209260003100249300004400280440005200324505010600376650002500482650002500507650002000532650002000552700005700572942001600629945000800645952010200653952010900755  c10344d10344AR-CdUCM190401b           ||||| |||| 00| 0 spa d  a8483897385  aMUNICIPALIDAD PROVINCIAL DEL CUSCOcBIBLIOTECA MUNICIPAL DEL CUSCO  aEP / 372.460 /bC25  aEditorial Magisterio927141  aConstruir :bmi proyector de vida /  aLima :bMagisterio,c1995.  a158 páginas ;bilustraciones.c28 cm.  aTexto integrado primer grado de primaria927142  aMi nombre personal -- Mi memoria familiar -- Preparo mi lonchera -- Celebramos las fiestas patrias...  aTexto escolar.92070  aPrimer grado.927143  aPrimaria.99686  aIdentidad.9255  aIbañez Nieto, Alberto (coordinador general)927144  2ddccLIBROS  awfj  002ddc4070aSIbSIcCARTd2019-04-01g20.00oEP / 372.460 / C25pSI00000511r2019-04-01yLIBROS  002ddc4070aSIbSIcCHILDd2019-04-03g20.00oEP / 372.460 / C25 / e.2pSI00001098r2019-04-03yLIBROS